000 01753nam0a2200373 4500
001 RU\NLR\BIBL_A\021990945
005 20230802142818.0
010 _a978-5-222-38857-0
_93000
021 _aRU
_bКН-П-23-039698
_9КН-П-23-3957
035 _a(NLR Aleph) 021990945
035 _a(RuMoRGB)011862366
090 _a12427242
_c12427242
100 _a20230728d2023 u y0rusy50 ca
101 1 _arus
_ceng
102 _aRU
105 _ay z 000ay
181 0 _ai
_baxxe
182 0 _an
200 1 _aСапфировый крест
_eрассказы
_fГилберт Кит Честертон
_gперевод с английского Н. Трауберг [и др.]
203 _aТекст
_bвизуальный
_cнепосредственный
210 _aРостов-на-Дону
_cФеникс
_d2023
215 _a317, [1] с.
_cил.
_d19
225 1 _aПриключения отца Брауна
225 1 _aСерия "Любимые детективы"
327 0 _aСодерж.: Сапфировый крест; Летучие звезды; Честь Израэля Гау; Око Апполона; Отсутствие мистера Кана; Разбойничий рай; Человек в проулке; Профиль Цезаря; Салат полковника Крэя; Волшебная сказка отца Брауна [и др.]
333 _a16+
675 _a821.111-32
_v4
686 1 _aШ6(4Вл)67-446.5{Лх1298.1-80(90)}
700 1 _7ca
_8rus
_aЧестертон
_bГ. К.
_f1874-1936
_gГилберт Кит
_9120037
_3RU\NLR\AUTH\7710258
942 _cBOOK
980 _aNB